Vietor svedčal domácim

Bibliographic Details
Format: Article
Language:Slovak
PhysicalDescription:Fotogr.
ISSN:1335-7581
Subjects:
Online Access:http://roznava.korzar.sme.sk/c/6333997/vietor-viac-svedcil-domacim.html

MARC

LEADER 00000nab a2200000 a 4500
001 vtls010352795
003 SK-MaSNL
005 20260305041210.0
008 120418c2012 xo dr| 0 0slo
038 |a RVGKPD 
040 |a RVGKPD  |b slo  |c RVGKPD  |e AACR2 
041 |a slo 
044 |a xo  |c SK 
080 |a 796.332  |2 1997 
245 0 0 |a Vietor svedčal domácim  |c [autor] (kcs) 
300 |b Fotogr. 
650 0 7 |a futbal  |x 5. liga  |2 rvgkpd  |9 1060010 
651 7 |a Gemerská Poloma (Slovensko)  |2 rvgkpd  |9 29357 
651 7 |a Gemerská Hôrka (Slovensko)  |2 rvgkpd  |9 26359 
651 7 |a Rožňava (Slovensko : okres)  |2 rvgkpd  |9 19215 
773 0 |t Gemerský korzár  |g Roč. XIV, č. 85 (12.4.2012), s. 20  |x 1335-7581 
852 |a RVGKPD  |b KIS3G 
856 4 1 |u http://roznava.korzar.sme.sk/c/6333997/vietor-viac-svedcil-domacim.html 
992 |a RBX 
999 |c 3342713  |d 3344643